000 00778nam a2200217 a 4500
001 22861
003 CO-ViMGA
008 141112s2004 ck r 000 u spa d
020 _a9789701512470
040 _aCO-ViMGA
_bspa
_cCO-ViMGA
082 0 4 _a005.43 D871g
100 1 _aRodrìguez Duràn Luis
_932754
245 1 0 _aEl gran libro del pc interno :
_bprogramaciòn de sistemas, hardware a fondo
260 _aMéxico :
_bAlfaomega
300 _a1263p.
505 _aLa programacion del sistema, Hardware, los sitemas de bus, puertos de enlace, Los discos duros, La tarjeta de sonido, Redes
650 1 4 _aPROCESADORES DE PALABRAS
650 1 4 _aPROGRAMACION DE COMPUTADORES - HISTORIA
_932755
650 1 4 _aSISTEMAS OPERACIONALES (COMPUTADORES)
_932756
942 _2ddc
_cBK
999 _c31154
_d31154